Bi- Vocabulary Quiz - Statistics

General Stats
  • This quiz has been taken 330 times
  • The average score is 11 of 20
Answer Stats
Hint Word % Correct
Occurs every six months Biannual
85%
Participant in an auction Bidder
78%
The best-selling book ever Bible
77%
What umpires are trained to not have Bias
76%
But you'll look sweet, upon the seat, of a ____ built for two Bicycle
71%
Small, modest, European-style café Bistro
66%
Ornithological golfing term Birdie
65%
UK is to scone, as the US is to... Biscuit
63%
A particular personal anniversary Birthday
61%
To have a petty dispute Bicker
60%
Winter Olympic event Biathlon
56%
A box that stores grain, coal etc Bin
54%
A recent, but stateless, currency Bitcoin
52%
Derogatory term for someone pretty, but not smart Bimbo
45%
What trade agreements between two nations are Bilateral
44%
An important person Bigwig
36%
Occurs every two years Biennial
35%
In Waltzing Matilda, what the Australian swagman camped next to Billabong
27%
Fuel created from decomposed sewage, garbage or plants Biogas
17%
A broad bay, or a knotting rope bent into a U-shape Bight
5%
No matching quizzes found
Score Distribution
Percent of People with Each Score
Percentile by Number Answered
Your Score History
You have not taken this quiz